000 01998cam a2200421 a 4500
001 3580
005 20240321121859.0
020 _a9780545342551
040 _aDLC
_cDLC
_dQBX
_dBTCTA
_dBAKER
_dIK2
_dTEF
_dEHH
_dXL4
_dYDXCP
_dIAD
_dOCLCA
_dDLC
_beng
050 0 0 _aF697.R44
082 0 0 _a363.282092
100 1 _aNelson, Vaunda Micheaux
245 1 0 _aBad news for outlaws :
_bthe remarkable life of Bass Reeves, deputy U.S. marshal /
_cVaunda Micheaux Nelson ; illustrations by R. Gregory Christie
250 _aFirst Scholastic printing , January 2011
260 _aNew York :
_bScholastic ,
_c2009
300 _a44 unnumbered pages :
_bcolor illustrations ,
_c28 cm .
505 _aZ
520 _aThis biography profiles the life of Bass Reeves, a former slave who was recruited as a deputy United States Marshal in the area that was to become Oklahoma.
521 8 _a860
_bLexile
521 8 _aZ
_bRaz-Plus
650 0 _aUnited States marshals
_zIndian Territory
_vBiography
_vJuvenile literature.
650 0 _aUnited States marshals
_zOklahoma
_vBiography
_vJuvenile literature.
650 0 _aAfrican Americans
_zOklahoma
_vBiography
_vJuvenile literature.
650 0 _aFreedmen
_zOklahoma
_vBiography
_vJuvenile literature.
650 0 _aFrontier and pioneer life
_zOklahoma
_vJuvenile literature.
650 0 _aOutlaws
_zIndian Territory
_xHistory
_vJuvenile literature.
650 0 _aOutlaws
_zOklahoma
_xHistory
_vJuvenile literature.
650 1 _aUnited States marshals
_zIndian Territory
_vBiography.
650 1 _aUnited States marshals
_zOklahoma
_vBiography.
650 1 _aAfrican Americans
_zOklahoma
_vBiography.
650 1 _aFreed persons
_zOklahoma
_vBiography.
650 1 _aFrontier and pioneer life
_zOklahoma.
650 1 _aRobbers and outlaws
_zIndian Territory
_xHistory.
650 1 _aRobbers and outlaws
_zOklahoma
_xHistory.
700 1 _aChristie, R. Gregory
_d1971-
_eillustrator
906 _a7
_bcbc
_corignew
_d1
_eecip
_f20
_gy-gencatlg
942 _cBK
_2ddc
_n0
999 _c3580
_d3580